Относительное влияние теплоты превращения на прогрев неограниченной пластины, бесконечного цилиндра и шара; Известия вузов. Черная металлургия; № 2

التفاصيل البيبلوغرافية
Parent link:Известия вузов. Черная металлургия.— , 1958-1996
№ 2.— 1961.— С. 148-150
المؤلف الرئيسي: Бойков Г. П.
اللغة:الروسية
منشور في: 1961
الموضوعات:
التنسيق: فصل الكتاب
KOHA link:https://koha.lib.tpu.ru/cgi-bin/koha/opac-detail.pl?biblionumber=575734

MARC

LEADER 00000naa2a2200000 4500
001 575734
005 20231101130139.0
035 |a (RuTPU)RU\TPU\prd\274726 
035 |a RU\TPU\tpu\3576 
090 |a 575734 
100 |a 20171220a1961 k y0rusy50 ca 
101 0 |a rus 
102 |a RU 
200 1 |a Относительное влияние теплоты превращения на прогрев неограниченной пластины, бесконечного цилиндра и шара  |f Г. П. Бойков 
461 |0 (RuTPU)RU\TPU\prd\194  |t Известия вузов. Черная металлургия  |d 1958-1996 
463 |0 (RuTPU)RU\TPU\prd\111124  |t № 2  |v С. 148-150  |d 1961 
610 1 |a энергетика 
610 1 |a теплотехника 
610 1 |a паротехника 
610 1 |a двигатели внутреннего сгорания 
610 1 |a водяные двигатели 
610 1 |a хладотехника 
610 1 |a труды учёных ТПУ 
700 1 |a Бойков  |b Г. П. 
801 0 |a RU  |b 63413507  |c 20011210  |g PSBO 
801 2 |a RU  |b 63413507  |c 20171220  |g PSBO 
942 |c BK